Spanish Basic Vocabulary Quiz (200 words) - Statistics

General Stats
  • This quiz has been taken 54 times
  • The average score is 89 of 200
Answer Stats
Hint Answer % Correct
café coffee
61%
cinco five
61%
buenas noches goodnight
61%
noviembre November
61%
yes
61%
agosto August
58%
tía aunt
58%
azul blue
58%
pan bread
58%
autobús bus
58%
febrero February
58%
junio June
58%
carne meat
58%
madre mother
58%
rojo red
58%
jueves Thursday
58%
negro black
55%
rápido fast
55%
verde green
55%
hotel hotel
55%
julio July
55%
leche milk
55%
me llamo … my name is …
55%
no no
55%
naranja orange
55%
profesor(a) professor / teacher
55%
septiembre September
55%
estudiante student
55%
tren train
55%
grande big
52%
hermano brother
52%
diciembre December
52%
dieciocho eighteen
52%
examen exam
52%
buenas tardes good afternoon
52%
abuelo grandfather
52%
hola hello
52%
yo I
52%
vivir live
52%
mayo May
52%
por favor please
52%
escuela school
52%
taxi taxi
52%
¿dónde? where?
52%
blanco white
52%
¿por qué? why?
52%
abril April
48%
banco bank
48%
bicicleta bicycle
48%
libro book
48%
bailar dance
48%
ocho eight
48%
padre father
48%
pescado fish (edible)
48%
fruta fruit
48%
buenos días good morning
48%
enero January
48%
menos less
48%
reunión meeting
48%
lunes Monday
48%
nuevo new
48%
rosa pink
48%
proyecto project
48%
restaurante restaurant
48%
sábado Saturday
48%
seis six
48%
domingo Sunday
48%
tres three
48%
mañana tomorrow / morning
48%
viajar travel
48%
martes Tuesday
48%
dos two
48%
miércoles Wednesday
48%
¿cómo te llamas? what’s your name?
48%
¿cuándo? when?
48%
¿de dónde eres? where are you from?
48%
¿dónde está el baño? where is the bathroom?
48%
escribir write
48%
amarillo yellow
48%
aeropuerto airport
45%
beber drink
45%
ojos eyes
45%
quince fifteen
45%
cuatro four
45%
catorce fourteen
45%
ir go
45%
boca mouth
45%
museo museum
45%
nunca never
45%
oficina office
45%
viejo old
45%
uno one
45%
pintar paint
45%
lápiz pencil
45%
jugar play
45%
leer read
45%
hermana sister
45%
lo siento sorry
45%
hablar speak
45%
estación station
45%
calle street
45%
diez ten
45%
gracias thank you
45%
feo ugly
45%
tío uncle
45%
universidad university
45%
agua water
45%
nosotros/as we
45%
de nada you’re welcome
45%
barco boat
42%
jefe/a boss
42%
¿puedes ayudarme? can you help me?
42%
clase class
42%
compañero/a colleague
42%
orejas ears
42%
comer eat
42%
adiós goodbye
42%
abuela grandmother
42%
tener have
42%
alto high
42%
estoy cansado I’m tired
42%
tarde late
42%
marzo March
42%
más more
42%
octubre October
42%
arroz rice
42%
siete seven
42%
ella she
42%
dieciséis sixteen
42%
pequeño small
42%
hoy today
42%
veinte twenty
42%
¿quién? who?
42%
vosotros/as you (plural)
42%
avión aeroplane
39%
siempre always
39%
estar be (temporary state)
39%
prima cousin (f)
39%
hacer do
39%
correo electrónico email
39%
pies feet
39%
él he
39%
cabeza head
39%
¿cuánto cuesta? how much does it cost?
39%
no entiendo I don’t understand
39%
soy de … I’m from …
39%
estoy perdido I’m lost
39%
nueve nine
39%
diecinueve nineteen
39%
nariz nose
39%
parque park
39%
diecisiete seventeen
39%
cantar sing
39%
nadar swim
39%
ellos/as they
39%
doce twelve
39%
verduras vegetables
39%
trabajo work
39%
mucho a lot
36%
bonito beautiful
36%
marrón brown
36%
coche car
36%
cocinar cook
36%
temprano early
36%
viernes Friday
36%
manos hands
36%
¿cómo? how?
36%
tengo hambre I’m hungry
36%
correr run
36%
¿qué? what?
36%
you
36%
usted you (formal)
36%
poco (a) little
33%
brazos arms
33%
ser be (permanent characteristic)
33%
tengo sed I’m thirsty
33%
bajo low
33%
metro metro
33%
mucho gusto nice to meet you
33%
hasta luego see you later
33%
tienda shop / store
33%
lento slow
33%
estómago stomach
33%
trece thirteen
33%
ayer yesterday
33%
plaza city square
30%
venir come
30%
luego later
30%
piernas legs
30%
ahora now
30%
bolígrafo pen
30%
tea
30%
horario timetable
30%
primo cousin (m)
27%
once eleven
27%
morado purple
27%
pronto soon
27%
parada stop (of a bus)
27%
con permiso excuse me
24%
cuaderno notebook
21%
No matching quizzes found
Score Distribution
Percent of People with Each Score
Percentile by Number Answered
Your Score History
You have not taken this quiz